Sanat: "Kevätlinnuille etelässä" - Oskar Merikanto - Statistics

Yleistilastot
  • Tätä visaa on pelattu 7 kertaa
  • Keskiarvotulos 24 / 52
Vastaustilastot
Vastaus % Oikein
ne
100%
ne
100%
sen.
83%
etelästä
67%
ja
67%
Ja
67%
ja
67%
kevätlinnut
67%
lentää
67%
linnut,
67%
pohjolaan
67%
sinne
67%
Täält'
67%
hän
50%
jo
50%
jok'
50%
lapsille.
50%
lauluja,
50%
On
50%
on
50%
Suomen
50%
Suomen
50%
erikseen
33%
etsikää,
33%
Hänelle
33%
heillä
33%
hellä,
33%
joukosta
33%
kaikki,
33%
keväthenkeä
33%
kyllä
33%
lahjoittakaa
33%
lasten
33%
laulamaan.
33%
laulut
33%
mun
33%
niin
33%
Olette,
33%
rakkautta,
33%
sointuja
33%
suloa,
33%
sydämeen.
33%
sydämeni
33%
sydän
33%
täynnä
33%
tiukuttakaa
33%
tunnen
33%
uskollinen
33%
ymmärtää.
33%
lämmin
17%
lapsillen
17%
myös
17%
Ehtoja vastaavia visoja ei löytynyt
Tulosjakauma
Jokaisen tuloksen saaneiden osuus
Persentiili vastausten määrän mukaan
Tuloshistoriasi
Et ole pelannut tätä visaa